| 000 | 00680nam a2200241Ia 4500 | ||
|---|---|---|---|
| 003 | OSt | ||
| 005 | 20220925195445.0 | ||
| 006 | a|||||r|||| 00| 0 | ||
| 007 | ta | ||
| 008 | 220923b |||||||| |||| 00| 0 eng d | ||
| 037 | _cGeneral Book | ||
| 040 |
_aRTL _cRTL _beng |
||
| 041 |
_2eng _aeng |
||
| 082 | _aX:89F, M3 | ||
| 100 |
_aTitard Pierre L. _9254581 |
||
| 245 | 0 |
_aManagerial accounting _b An introduction |
|
| 260 |
_aChicago _bDryden Press _c1983 |
||
| 300 |
_a621p. _ccm. |
||
| 490 | _aDryden Press series in Accounting | ||
| 650 | _aAccounting Management | ||
| 942 |
_hX:89F, M3 _cGB _2CC |
||
| 999 |
_c533001 _d533001 |
||